00652 2200229 4500001002100000005001500021035002000036007000300056008004100059020002200100082001600122084002200138100002600160245004800186250001800234260006800252300003100320650001000351600002700361856001800388990001600406INLIS00000000000039720250711120500 a0010-0725000397ta250711 a 0 ind  a978-623-307-043-0 a306.409 598 a306.409 598 RIA l0 aRianas, Laveta Pamela1 aLamang Persaudaraan /cLaveta Pamela Rianas aCetakan Kedua aJakarta Timur :bBadan Pengembangan dan Pembinaan Bahasa,c2020 a24 hlm :bilus. ;c29,7 cm 4aKomik 4aKebudayaan Minangkabau aTBM AS SUHADA aTBM02880288